00671nam a2200157 i 450000100060000000300090000600500170001500700030003200800410003510000240007624502140010026000880031430000220040271000600042485200290048423090ES-MaACL20230906152821.0t|021209s1928 fr ||||1| fre d1 aAlvarez, Alejandro.13aLe panamericanisme et la sixième Conférence Panaméricaine b: tenue a La Havane en 1928 : communication a l'Academie des Sciencies Morales y Politiques (Séance du 5 mai 1928) / cpar Alejandro Alvarez. aParís : bLes Editions Internationales, c1928 (eIssoudum : fRapide du Centres) a190 p. ; c25 cm.2 aAcadémie des sciences morales et politiques (Francia) aES-MaACLjA-333 bR.9573